[Event "LTU Wch 2021"]
[Site "Vilnius"]
[Date "2021.10.22"]
[Round "1"]
[Board "1"]
[White "Maciulaityte, Barbora"]
[Black "Simkunaite, Gabija"]
[Result "0-1"]
[WhiteElo "1508"]
[BlackElo "1948"]
[PlyCount "108"]
[EventDate "2021.10.22"]
[EventRounds "7"]
[EventCountry "LTU"]

1. e4 c5 2. Nf3 Nc6 3. d4 cxd4 4. Nxd4 e5 5. Nb5 a6 6. Nd6+ Bxd6 7. Qxd6 Qf6 8.
Qc7 Nge7 9. Nc3 Nb4 10. Bd3 d5 11. O-O O-O 12. a3 Nxd3 13. cxd3 d4 14. Na4 Nc6
15. Nb6 Rb8 16. Bd2 Be6 17. f4 exf4 18. Qxf4 Qd8 19. Na4 b6 20. b4 f6 21. Qg3
Bb3 22. Nb2 Rc8 23. Rac1 Qe7 24. Nc4 Bxc4 25. Rxc4 Ne5 26. Rxd4 Rfd8 27. Rd5
Rxd5 28. exd5 Rd8 29. Be3 Rxd5 30. Bxb6 Rxd3 31. Qf4 Rxa3 32. Qe4 Qd6 33. Bc5
Qc6 34. Qxc6 Nxc6 35. Rc1 Ra4 36. Rb1 Ne5 37. Kf2 Kf7 38. Rd1 Ke6 39. h3 h5 40.
Rd2 Kf5 41. Bf8 g5 42. Bc5 g4 43. hxg4+ hxg4 44. g3 Nf3 45. Re2 Ng5 46. Rc2
Ne4+ 47. Kg2 Ra3 48. Bf2 Rb3 49. Be1 Rb1 50. Re2 Ke5 51. Bc3+ Kd5 52. Bb2 Rd1
53. Kh2 Rd3 54. Rg2 Rb3  0-1

[Event "LTU Wch 2021"]
[Site "Vilnius"]
[Date "2021.10.22"]
[Round "1"]
[Board "2"]
[White "Sibajeva, Marija"]
[Black "Perminaite, Simona"]
[Result "1-0"]
[WhiteElo "1939"]
[BlackElo "1497"]
[PlyCount "105"]
[EventDate "2021.10.22"]
[EventRounds "7"]
[EventCountry "LTU"]

1. e4 d6 2. d4 Nf6 3. Nc3 g6 4. Bg5 Bg7 5. Qd2 O-O 6. O-O-O c6 7. Be2 b5 8. e5
b4 9. exf6 bxc3 10. Qxc3 Bxf6 11. h4 e5 12. Qg3 Nd7 13. dxe5 dxe5 14. Rd6 Qe7
15. Rxc6 Rb8 16. Nh3 Bb7 17. Rc7 Qd6 18. Rc3 Qb6 19. Rb3 Qc6 20. Bxf6 Qxf6 21.
f3 Rfc8 22. Rd1 Nc5 23. Re3 e4 24. Qf4 Qe6 25. Ra3 Bd5 26. Ng5 Qc6 27. c4 Qb7
28. b3 Ne6 29. Qxf7+ Qxf7 30. Nxf7 Kxf7 31. Rxd5 Nf4 32. Rxa7+ Kg8 33. Rd2 e3
34. Rc2 Re8 35. g3 Ne6 36. Rd7 Nc5 37. Rd5 Na6 38. Rb2 Nc7 39. Rd4 Ne6 40. Re4
Ng7 41. Rxe8+ Rxe8 42. c5 Nf5 43. g4 Nd4 44. b4 Rc8 45. a4 Kf8 46. a5 Ke7 47.
a6 Kd7 48. Kd1 Kc6 49. b5+ Kxc5 50. b6 Nc6 51. b7 Rb8 52. Bd3 Rd8 53. a7  1-0

[Event "LTU Wch 2021"]
[Site "Vilnius"]
[Date "2021.10.22"]
[Round "1"]
[Board "3"]
[White "Plutaite, Ausra"]
[Black "Baliuniene, Margarita"]
[Result "1-0"]
[WhiteElo "1472"]
[BlackElo "1924"]
[PlyCount "71"]
[EventDate "2021.10.22"]
[EventRounds "7"]
[EventCountry "LTU"]

1. e4 g6 2. d4 Bg7 3. Nc3 d6 4. Nge2 Nd7 5. g3 a6 6. Bg2 e6 7. O-O Ne7 8. Be3
b5 9. a3 Bb7 10. Qd2 h6 11. h4 Nf6 12. Rad1 Ng4 13. Bf4 e5 14. Bh3 exf4 15.
Bxg4 fxg3 16. fxg3 O-O 17. Rf2 d5 18. e5 Bc8 19. Bf3 c6 20. Nf4 Nf5 21. Kg2 g5
22. Nh5 gxh4 23. Bg4 hxg3 24. Nxg3 Nh4+ 25. Kh3 Bxg4+ 26. Kxg4 Ng6 27. Nf5 Qd7
28. Kg3 h5 29. Rh1 h4+ 30. Nxh4 Nxh4 31. Rxh4 c5 32. Qg5 Qd8 33. Qf5 f6 34.
Qh7+ Kf7 35. Rxf6+ Ke8 36. Qg6+  1-0

[Event "LTU Wch 2021"]
[Site "Vilnius"]
[Date "2021.10.22"]
[Round "1"]
[Board "4"]
[White "Maciuityte, Greta"]
[Black "Sukyte, Kotryna"]
[Result "1-0"]
[WhiteElo "1770"]
[BlackElo "1422"]
[PlyCount "57"]
[EventDate "2021.10.22"]
[EventRounds "7"]
[EventCountry "LTU"]

1. e4 Nf6 2. e5 Nd5 3. d4 d6 4. Bc4 Nb6 5. Bb5+ c6 6. Bd3 dxe5 7. dxe5 Qd5 8.
Nf3 Bg4 9. Nc3 Qa5 10. O-O Bxf3 11. Qxf3 Qxe5 12. Bf4 Qf6 13. Ne4 Qd4 14. c3
Qd5 15. Rfe1 e6 16. Rad1 Qd8 17. Ng5 Qf6 18. Nxh7 Rxh7 19. Bxh7 g6 20. Qg4 N8d7
21. Bg5 Qg7 22. Rxe6+ fxe6 23. Qxe6+ Be7 24. Bxg6+ Kd8 25. Be3 c5 26. Bf5 Bf8
27. Bh6 Qxh6 28. Rxd7+ Kc8 29. Qe8#  1-0

[Event "LTU Wch 2021"]
[Site "Vilnius"]
[Date "2021.10.22"]
[Round "1"]
[Board "5"]
[White "Rauckyte, Kamile"]
[Black "Bajoraite, Rita"]
[Result "0-1"]
[WhiteElo "1398"]
[BlackElo "1765"]
[PlyCount "102"]
[EventDate "2021.10.22"]
[EventRounds "7"]
[EventCountry "LTU"]

1. d4 Nf6 2. Nf3 d6 3. Bf4 Nh5 4. Bg3 g6 5. c3 Bg7 6. Nbd2 Nxg3 7. hxg3 e5 8.
e3 Qe7 9. dxe5 dxe5 10. Qb3 O-O 11. O-O-O e4 12. Nd4 c5 13. Ne2 Be6 14. Qa4 Bd5
15. Nf4 Bc6 16. Bb5 Rd8 17. Bxc6 Nxc6 18. Qxe4 Rxd2 19. Qxe7 Rxd1+ 20. Rxd1
Nxe7 21. Rd7 Nc6 22. Rxb7 a5 23. Rc7 Ne5 24. Kc2 Bf8 25. Nd3 Bd6 26. Rb7 Ng4
27. c4 a4 28. Kd2 Ne5 29. Nxe5 Bxe5 30. f4 Rb8 31. Rxb8+ Bxb8 32. Kd3 Kf8 33.
Ke4 Ke7 34. Kd5 Bd6 35. e4 Kd7 36. e5 Be7 37. g4 h6 38. f5 g5 39. Ke4 Kc6 40.
f6 Bf8 41. Kf5 Kd7 42. Ke4 Ke6 43. a3 h5 44. gxh5 g4 45. Kf4 Bh6+ 46. Ke4 Bc1
47. g3 Bxb2 48. h6 Bxe5 49. h7 Bxf6 50. Kf4 Bg7 51. Ke4 Be5  0-1

[Event "LTU Wch 2021"]
[Site "Vilnius"]
[Date "2021.10.22"]
[Round "1"]
[Board "6"]
[White "Perminaite, Guoda"]
[Black "Ratkeviciute, Laurinta"]
[Result "1-0"]
[WhiteElo "1727"]
[BlackElo "1184"]
[PlyCount "127"]
[EventDate "2021.10.22"]
[EventRounds "7"]
[EventCountry "LTU"]

1. e4 e5 2. Nf3 Nc6 3. Bb5 g6 4. c3 Bg7 5. O-O Nge7 6. d4 exd4 7. cxd4 a6 8.
Ba4 O-O 9. Nc3 d6 10. h3 b5 11. Bb3 Na5 12. Bc2 c5 13. Bg5 Qc7 14. Re1 Nac6 15.
Ne2 f5 16. dxc5 dxc5 17. Bf4 Qb7 18. Qc1 fxe4 19. Bxe4 c4 20. Bd6 Bf6 21. Rb1
Bd7 22. Ned4 Qb6 23. Nxc6 Bxc6 24. Bxe7 Bxe4 25. Rxe4 Rfe8 26. Bxf6 Rxe4 27.
Bc3 Rd8 28. Qh6 Rd7 29. Re1 Rxe1+ 30. Bxe1 Qf6 31. Qc1 Rd3 32. Bc3 Qd6 33. Ne1
Rd1 34. Qe3 b4 35. Qe8+ Qf8 36. Qxf8+ Kxf8 37. Bxb4+ Kf7 38. Kf1 Ke6 39. Ke2
Rd7 40. Nc2 h5 41. Ne3 Rc7 42. Ba5 Rc5 43. Bc3 Rc6 44. Kf3 g5 45. Ke4 Rc8 46.
f4 gxf4 47. Kxf4 Kf7 48. Nf5 Rc5 49. Ke4 Kg6 50. Ne3 Rg5 51. Kd4 Rg3 52. Be1
Rg5 53. Kxc4 Re5 54. Kd4 Rb5 55. b4 Rb8 56. a4 Rd8+ 57. Nd5 Kf5 58. Kc5 Re8 59.
g4+ hxg4 60. hxg4+ Kg5 61. Bd2+ Kg6 62. b5 axb5 63. axb5 Re2 64. Nf4+  1-0

[Event "LTU Wch 2021"]
[Site "Vilnius"]
[Date "2021.10.22"]
[Round "1"]
[Board "7"]
[White "Alionyte, Patricija"]
[Black "Ravlusevic, Evelina"]
[Result "0-1"]
[WhiteElo "1031"]
[BlackElo "1717"]
[PlyCount "172"]
[EventDate "2021.10.22"]
[EventRounds "7"]
[EventCountry "LTU"]

1. d4 d5 2. Nc3 Bf5 3. Bf4 c6 4. e3 Nf6 5. f3 Nbd7 6. g4 Bg6 7. h4 h6 8. h5 Bh7
9. Bd3 Bxd3 10. cxd3 c5 11. Nge2 cxd4 12. exd4 Qb6 13. Qb3 e6 14. Qxb6 Nxb6 15.
O-O-O Kd7 16. Kb1 a6 17. Rc1 Ng8 18. Rhe1 Ne7 19. Bg3 Nc6 20. Bf2 Be7 21. a3
Bf6 22. b3 Rac8 23. Na2 Na8 24. Rc2 Nc7 25. a4 b5 26. Rec1 Na5 27. Rb2 bxa4 28.
bxa4 Rb8 29. Bg3 Rxb2+ 30. Kxb2 Rb8+ 31. Kc2 Nb3 32. Rb1 Nxd4+ 33. Nxd4 Rxb1
34. Kxb1 Bxd4 35. Bxc7 Kxc7 36. Kc2 Kd6 37. Nc1 Be3 38. Ne2 a5 39. Kb3 Ke5 40.
Kc3 g6 41. hxg6 fxg6 42. d4+ Kd6 43. Kd3 Bg5 44. f4 Bd8 45. Ke3 g5 46. fxg5
Bxg5+ 47. Kd3 Ke7 48. Nc3 Kf7 49. Ke2 Be7 50. Kf3 Kf6 51. Kf4 Bd6+ 52. Kf3 Bb4
53. Ne2 e5 54. Ke3 Ke6 55. Ng3 Bc3 56. dxe5 Bxe5 57. Nf5 Bf6 58. Kd3 Bg5 59.
Kd4 Bc1 60. Ng7+ Kf6 61. Nf5 Kg5 62. Kxd5 Kxg4 63. Nd4 Bd2 64. Nb3 Bb4 65. Kc4
h5 66. Kb5 h4 67. Nxa5 Bxa5 68. Kxa5 h3 69. Kb6 h2 70. a5 h1=Q 71. a6 Qa8 72.
a7 Kf5 73. Ka6 Ke6 74. Kb6 Kd7 75. Ka6 Kc7 76. Kb5 Qxa7 77. Kb4 Qd4+ 78. Kb3
Kc6 79. Kc2 Qe3 80. Kb2 Qd3 81. Ka2 Kc5 82. Kb2 Kc4 83. Ka2 Qb3+ 84. Ka1 Qb4
85. Ka2 Kc3 86. Ka1 Qb2#  0-1

[Event "LTU Wch 2021"]
[Site "Vilnius"]
[Date "2021.10.23"]
[Round "2"]
[Board "1"]
[White "Simkunaite, Gabija"]
[Black "Perminaite, Guoda"]
[Result "1-0"]
[WhiteElo "1948"]
[BlackElo "1727"]
[PlyCount "75"]
[EventDate "2021.10.22"]
[EventRounds "7"]
[EventCountry "LTU"]

1. e4 e5 2. Nf3 Nc6 3. d4 exd4 4. Nxd4 Nf6 5. Nc3 Bb4 6. Nxc6 bxc6 7. Bd3 d5 8.
exd5 cxd5 9. O-O O-O 10. Bg5 c6 11. Ne2 Rb8 12. Nd4 Bd7 13. Qf3 Bd6 14. Nf5 Be5
15. Rae1 Re8 16. b3 Bb2 17. c4 Rxe1 18. Rxe1 Be6 19. Rd1 Qa5 20. Qg3 Rb7 21.
Bd2 Nh5 22. Bxa5 Nxg3 23. Nxg3 g6 24. Rd2 Bf6 25. Rc2 Rd7 26. c5 d4 27. Bd2 Be7
28. Be4 Bd5 29. Bxd5 Rxd5 30. b4 f5 31. Rc4 a6 32. Kf1 Kf7 33. f4 Bf6 34. Ke2
Rd7 35. Kd3 Re7 36. Ne2 Rb7 37. Nxd4 Rd7 38. Be3  1-0

[Event "LTU Wch 2021"]
[Site "Vilnius"]
[Date "2021.10.23"]
[Round "2"]
[Board "2"]
[White "Bajoraite, Rita"]
[Black "Sibajeva, Marija"]
[Result "0-1"]
[WhiteElo "1765"]
[BlackElo "1939"]
[PlyCount "118"]
[EventDate "2021.10.22"]
[EventRounds "7"]
[EventCountry "LTU"]

1. d4 d5 2. Nf3 c5 3. g3 cxd4 4. Nxd4 e5 5. Nb3 Nc6 6. Bg2 Be6 7. O-O a5 8. a4
Nf6 9. Bg5 Be7 10. Nc3 Nb4 11. Nb5 O-O 12. Bxf6 Bxf6 13. Nc5 Qb6 14. Nxe6 fxe6
15. c3 Na6 16. e3 Rac8 17. Qe2 Nc7 18. Nxc7 Rxc7 19. f4 exf4 20. gxf4 Rc4 21.
Kh1 Qc6 22. f5 e5 23. Qd2 e4 24. Rfd1 Rd8 25. Qc2 Qb6 26. Bf1 Rc6 27. Bb5 Rcd6
28. Re1 Be5 29. Re2 Rh6 30. c4 Qf6 31. cxd5 Qxf5 32. Rf2 Qh3 33. Raf1 Qxe3 34.
Qe2 Qxe2 35. Rxe2 Rf8 36. Rxf8+ Kxf8 37. b3 Rh4 38. Bd7 Ke7 39. Be6 Kd6 40. h3
Kc5 41. Kg2 Kd4 42. Kf2 Rf4+ 43. Ke1 e3 44. d6 Bxd6 45. Rg2 Rf2 46. Rg4+ Ke5
47. Bc4 Bb4+ 48. Kd1 Rd2+ 49. Ke1 h6 50. Be2 g5 51. Kf1 Rb2 52. h4 Kf5 53. Rd4
Rxb3 54. hxg5 hxg5 55. Bd3+ Ke5 56. Re4+ Kd5 57. Rxe3 Kd4 58. Ke2 Rb2+ 59. Kf3
g4+  0-1

[Event "LTU Wch 2021"]
[Site "Vilnius"]
[Date "2021.10.23"]
[Round "2"]
[Board "3"]
[White "Ravlusevic, Evelina"]
[Black "Maciuityte, Greta"]
[Result "1-0"]
[WhiteElo "1717"]
[BlackElo "1770"]
[PlyCount "87"]
[EventDate "2021.10.22"]
[EventRounds "7"]
[EventCountry "LTU"]

1. d4 c5 2. d5 f5 3. e4 fxe4 4. Nc3 Nf6 5. Nge2 d6 6. Nf4 a6 7. a4 g6 8. Be2
Bg7 9. h4 O-O 10. h5 Qe8 11. g4 Qf7 12. Be3 Nbd7 13. g5 Nxh5 14. Nxh5 gxh5 15.
Bxh5 Qf5 16. Bg4 Qg6 17. Bh5 Qf5 18. g6 Ne5 19. gxh7+ Kh8 20. Be2 Nf3+ 21. Bxf3
Qxf3 22. Qxf3 exf3 23. O-O-O Bd7 24. Bg5 Rf7 25. Rde1 Re8 26. a5 Bf5 27. Ne4
Be5 28. Nxc5 Rc8 29. Ne4 Rc4 30. Nc3 Bxh7 31. Bd2 Kg8 32. Rh5 Rg4 33. Rhxe5
dxe5 34. Rxe5 Rg1+ 35. Nd1 Rf5 36. Rxe7 Rxd5 37. Rxb7 Rh5 38. Rd7 Rh4 39. Bc3
Rh2 40. Kd2 Rf1 41. Bd4 Rhh1 42. Nc3 Rh2 43. Nd5 Bxc2 44. Nf6+  1-0

[Event "LTU Wch 2021"]
[Site "Vilnius"]
[Date "2021.10.23"]
[Round "2"]
[Board "4"]
[White "Perminaite, Simona"]
[Black "Plutaite, Ausra"]
[Result "0-1"]
[WhiteElo "1497"]
[BlackElo "1472"]
[PlyCount "68"]
[EventDate "2021.10.22"]
[EventRounds "7"]
[EventCountry "LTU"]

1. e4 e6 2. d4 d5 3. Nc3 Nf6 4. e5 Nfd7 5. f4 c5 6. Nf3 Nc6 7. Be3 cxd4 8. Nxd4
Bc5 9. Nxc6 bxc6 10. Bxc5 Nxc5 11. a3 O-O 12. b4 d4 13. Ne2 d3 14. bxc5 dxe2
15. Bxe2 Qa5+ 16. Qd2 Qxc5 17. Bd3 f6 18. exf6 Rxf6 19. Rf1 e5 20. Qb4 Qe3+ 21.
Be2 exf4 22. Qb3+ Re6 23. Qxe3 Rxe3 24. Rxf4 Ba6 25. c4 Rae8 26. Ra2 g5 27. Rg4
R3e5 28. Kf2 Rf8+ 29. Kg1 c5 30. h4 h6 31. hxg5 hxg5 32. Bf3 Rf4 33. Bd5+ Rxd5
34. Rxf4 Rd1+  0-1

[Event "LTU Wch 2021"]
[Site "Vilnius"]
[Date "2021.10.23"]
[Round "2"]
[Board "5"]
[White "Baliuniene, Margarita"]
[Black "Rauckyte, Kamile"]
[Result "1-0"]
[WhiteElo "1924"]
[BlackElo "1398"]
[PlyCount "57"]
[EventDate "2021.10.22"]
[EventRounds "7"]
[EventCountry "LTU"]

1. Nf3 Nf6 2. d4 d5 3. c4 c6 4. e3 e6 5. Nc3 Nbd7 6. Bd3 dxc4 7. Bxc4 b5 8. Bd3
a6 9. O-O c5 10. b3 cxd4 11. Nxd4 Bb7 12. Bb2 Bb4 13. Rc1 Ne5 14. Bb1 Rc8 15.
a3 Bxc3 16. Bxc3 Qd5 17. f3 Ng6 18. Bb4 Qd8 19. Rxc8 Bxc8 20. Qc1 Ne7 21. Rd1
Nfd5 22. Bxe7 Nxe7 23. Nxb5 Nd5 24. Qc6+ Bd7 25. Qxa6 O-O 26. Nd4 Qg5 27. f4
Qg4 28. Qd3 Nxe3 29. Qxh7#  1-0

[Event "LTU Wch 2021"]
[Site "Vilnius"]
[Date "2021.10.23"]
[Round "2"]
[Board "6"]
[White "Ratkeviciute, Laurinta"]
[Black "Maciulaityte, Barbora"]
[Result "0-1"]
[WhiteElo "1184"]
[BlackElo "1508"]
[PlyCount "80"]
[EventDate "2021.10.22"]
[EventRounds "7"]
[EventCountry "LTU"]

1. e4 c5 2. Nf3 d6 3. d4 cxd4 4. Nxd4 Nf6 5. Nc3 g6 6. Be3 Bg7 7. f3 O-O 8. Qd2
Nc6 9. O-O-O d5 10. e5 Nxe5 11. h4 Bd7 12. h5 Qa5 13. g4 e6 14. Qh2 Nc6 15.
hxg6 fxg6 16. Be2 e5 17. Nb3 Qc7 18. Nxd5 Nxd5 19. Rxd5 Kf7 20. Nc5 Rad8 21.
Bg5 Nb4 22. Bxd8 Rxd8 23. Rd2 Qxc5 24. a3 Nd5 25. Rhd1 Nb6 26. Rd6 Ba4 27. Bc4+
Nxc4 28. Rxd8 Qe3+ 29. Kb1 Qb6 30. c3 Bxd1 31. Rxd1 Nxa3+ 32. Ka2 Nc4 33. b3
Ne3 34. Rd7+ Kg8 35. Qd2 Bf6 36. Rd6 Qa5+ 37. Kb2 Be7 38. Rd7 Qa3+ 39. Kb1
Qxb3+ 40. Ka1 Nc2+  0-1

[Event "LTU Wch 2021"]
[Site "Vilnius"]
[Date "2021.10.23"]
[Round "2"]
[Board "7"]
[White "Sukyte, Kotryna"]
[Black "Alionyte, Patricija"]
[Result "1-0"]
[WhiteElo "1422"]
[BlackElo "1031"]
[PlyCount "115"]
[EventDate "2021.10.22"]
[EventRounds "7"]
[EventCountry "LTU"]

1. e4 e5 2. Nf3 Nc6 3. Bb5 a6 4. Bxc6 dxc6 5. Nc3 Bg4 6. h3 Bh5 7. g4 Bg6 8.
Nxe5 f6 9. Nxg6 hxg6 10. d4 Bb4 11. Qd3 Qd7 12. Be3 Ne7 13. O-O-O O-O-O 14. a3
Bxc3 15. Qxc3 Kb8 16. e5 Nd5 17. Qd3 Nxe3 18. Qxe3 Qe6 19. exf6 Qxe3+ 20. fxe3
gxf6 21. Rdf1 Rd6 22. h4 Kc8 23. c3 Kd7 24. Kd2 Ke7 25. e4 Rh7 26. Ke3 Rd8 27.
g5 Rf8 28. gxf6+ Rxf6 29. Rxf6 Kxf6 30. Kf4 Rxh4+ 31. Rxh4 g5+ 32. Kg4 gxh4 33.
Kxh4 a5 34. Kg4 a4 35. Kf4 Ke6 36. c4 Kf6 37. e5+ Ke6 38. Ke4 Ke7 39. Kf5 Kf7
40. d5 cxd5 41. cxd5 Ke7 42. e6 b6 43. Ke5 b5 44. Kf5 Kd6 45. Kf6 Kxd5 46. e7
Kc4 47. e8=Q c5 48. Qe2+ Kd4 49. Qxb5 c4 50. Qxa4 Kd3 51. Ke5 Ke3 52. Qxc4 Kf3
53. Qf4+ Ke2 54. Ke4 Kd1 55. Kd3 Ke1 56. Qh2 Kf1 57. Ke3 Ke1 58. Qe2#  1-0

[Event "LTU Wch 2021"]
[Site "Vilnius"]
[Date "2021.10.23"]
[Round "3"]
[Board "1"]
[White "Plutaite, Ausra"]
[Black "Simkunaite, Gabija"]
[Result "0-1"]
[WhiteElo "1472"]
[BlackElo "1948"]
[PlyCount "72"]
[EventDate "2021.10.22"]
[EventRounds "7"]
[EventCountry "LTU"]

1. e4 c6 2. d4 d5 3. exd5 cxd5 4. Bd3 Nc6 5. c3 Nf6 6. Bf4 Bg4 7. Qb3 Qc8 8.
Nd2 e6 9. Ngf3 Be7 10. O-O O-O 11. Qc2 Bh5 12. Ne5 Bg6 13. Nxg6 hxg6 14. Nf3
Qd8 15. Rae1 Bd6 16. Bg5 Rc8 17. Qe2 Re8 18. Ne5 Qc7 19. Qe3 Nh7 20. Bf4 Bxe5
21. dxe5 Rcd8 22. Qg3 d4 23. cxd4 Rxd4 24. Re3 Red8 25. h4 Nb4 26. Bb1 Nd5 27.
Rf3 Nxf4 28. Rxf4 Rd1 29. Be4 Rxf1+ 30. Kxf1 Qc1+ 31. Ke2 Qd1+ 32. Ke3 Qd4+ 33.
Ke2 Qxb2+ 34. Kf3 Qxe5 35. a4 Nf6 36. Qg5 Qc3+  0-1

[Event "LTU Wch 2021"]
[Site "Vilnius"]
[Date "2021.10.23"]
[Round "3"]
[Board "2"]
[White "Sibajeva, Marija"]
[Black "Ravlusevic, Evelina"]
[Result "1-0"]
[WhiteElo "1939"]
[BlackElo "1717"]
[PlyCount "45"]
[EventDate "2021.10.22"]
[EventRounds "7"]
[EventCountry "LTU"]

1. e4 c5 2. Nf3 Nc6 3. Bb5 g6 4. O-O Bg7 5. Re1 e5 6. d3 h6 7. Be3 d6 8. c3
Nge7 9. d4 cxd4 10. cxd4 O-O 11. dxe5 dxe5 12. Bc5 Re8 13. Nc3 Qxd1 14. Raxd1
a6 15. Bxc6 Nxc6 16. Nd5 Rd8 17. Nb6 Bg4 18. Nxa8 Rxa8 19. h3 Be6 20. b3 f5 21.
Bd6 f4 22. Bc5 Kf7 23. Nd2  1-0

[Event "LTU Wch 2021"]
[Site "Vilnius"]
[Date "2021.10.23"]
[Round "3"]
[Board "3"]
[White "Maciulaityte, Barbora"]
[Black "Baliuniene, Margarita"]
[Result "0-1"]
[WhiteElo "1508"]
[BlackElo "1924"]
[PlyCount "64"]
[EventDate "2021.10.22"]
[EventRounds "7"]
[EventCountry "LTU"]

1. e4 c5 2. Nf3 Nc6 3. d4 cxd4 4. Nxd4 d6 5. Nc3 Nf6 6. f3 g6 7. Be3 Bg7 8. Qd2
O-O 9. O-O-O Qa5 10. Kb1 Bd7 11. g4 Rfc8 12. Nb3 Qd8 13. h4 Ne5 14. Be2 Nc4 15.
Bxc4 Rxc4 16. h5 Rac8 17. Bd4 b5 18. Rc1 a5 19. Nd5 a4 20. Nxf6+ exf6 21. Na1
Be6 22. c3 d5 23. exd5 Qxd5 24. Qe3 Rxd4 25. Qxd4 Qxa2+ 26. Kc2 f5 27. Qb4 fxg4
28. fxg4 Bxc3 29. Qxc3 Rxc3+ 30. Kxc3 Qc4+ 31. Kd2 Qd4+ 32. Ke2 Bxg4+  0-1

[Event "LTU Wch 2021"]
[Site "Vilnius"]
[Date "2021.10.23"]
[Round "3"]
[Board "4"]
[White "Maciuityte, Greta"]
[Black "Bajoraite, Rita"]
[Result "1/2-1/2"]
[WhiteElo "1770"]
[BlackElo "1765"]
[PlyCount "102"]
[EventDate "2021.10.22"]
[EventRounds "7"]
[EventCountry "LTU"]

1. e4 d6 2. d4 Nf6 3. Nc3 c6 4. Nf3 Bg4 5. Bd3 e5 6. dxe5 dxe5 7. h3 Bxf3 8.
Qxf3 Nbd7 9. O-O Qc7 10. Be3 Bc5 11. a3 O-O 12. Bg5 Bd4 13. Nd1 h6 14. Bh4 b5
15. c3 Bc5 16. b4 Be7 17. Ne3 g6 18. c4 a6 19. c5 Kg7 20. Bg3 Nh7 21. h4 Ndf6
22. Qe2 Nh5 23. Nf5+ gxf5 24. Qxh5 f4 25. Bxf4 exf4 26. e5 f5 27. Bxf5 Rxf5 28.
Qxf5 Rf8 29. Qg4+ Kh8 30. Rfe1 f3 31. g3 Rg8 32. Qxf3 Bxh4 33. Re4 Qe7 34. Rg4
Bg5 35. Re1 Qe6 36. Qe2 Rd8 37. f4 Be7 38. Rd1 Rxd1+ 39. Qxd1 h5 40. Rh4 Bxh4
41. gxh4 Qg6+ 42. Kh2 Qf5 43. Qf3 Nf8 44. Qxc6 Qxf4+ 45. Kg1 Qe3+ 46. Kf1 Qf4+
47. Kg2 Qxe5 48. Qh6+ Nh7 49. Qxa6 Qe2+ 50. Kg1 Qe1+ 51. Kg2 Qe2+  1/2-1/2

[Event "LTU Wch 2021"]
[Site "Vilnius"]
[Date "2021.10.23"]
[Round "3"]
[Board "5"]
[White "Perminaite, Guoda"]
[Black "Sukyte, Kotryna"]
[Result "1-0"]
[WhiteElo "1727"]
[BlackElo "1422"]
[PlyCount "107"]
[EventDate "2021.10.22"]
[EventRounds "7"]
[EventCountry "LTU"]

1. e4 Nf6 2. e5 Nd5 3. d4 d6 4. Nf3 g6 5. Bc4 Nb6 6. Bb3 Bg7 7. O-O O-O 8. h3
Nc6 9. Qe2 dxe5 10. dxe5 Na5 11. Nc3 Nxb3 12. axb3 c6 13. Bf4 Be6 14. Rad1 Qc7
15. Rfe1 Nd5 16. Bg3 Nxc3 17. bxc3 Rad8 18. Nd4 Qc8 19. Qe3 Bf5 20. Bh4 Qd7 21.
Qe2 Rde8 22. Nxf5 Qxf5 23. Rd3 g5 24. g4 Qg6 25. Bg3 Rd8 26. Red1 Rxd3 27. Rxd3
Qe6 28. Qe3 a6 29. Qxg5 f6 30. exf6 exf6 31. Qe3 Qxe3 32. Rxe3 f5 33. f4 Rd8
34. Be1 Kf7 35. Kf2 Bf6 36. Kf3 fxg4+ 37. hxg4 Rd7 38. Rd3 Re7 39. Bf2 h6 40.
Bd4 Kg7 41. Bxf6+ Kxf6 42. Rd6+ Kg7 43. f5 Kh7 44. Kf4 Rg7 45. Rd4 Rf7 46. Ke5
Kg7 47. Rd6 Re7+ 48. Re6 Rd7 49. Rg6+ Kh7 50. Rd6 Rf7 51. Ke6 Kg7 52. Rd7 Rxd7
53. Kxd7 a5 54. Ke7  1-0

[Event "LTU Wch 2021"]
[Site "Vilnius"]
[Date "2021.10.23"]
[Round "3"]
[Board "6"]
[White "Alionyte, Patricija"]
[Black "Perminaite, Simona"]
[Result "0-1"]
[WhiteElo "1031"]
[BlackElo "1497"]
[PlyCount "100"]
[EventDate "2021.10.22"]
[EventRounds "7"]
[EventCountry "LTU"]

1. d4 Nf6 2. Nc3 g6 3. Bf4 Bg7 4. e3 d6 5. Nf3 O-O 6. Bd3 Nfd7 7. Qd2 e5 8.
dxe5 Nxe5 9. Bxe5 dxe5 10. e4 Nc6 11. O-O-O Be6 12. Kb1 Nd4 13. Be2 c6 14. a3
b5 15. Nxd4 exd4 16. Na2 a5 17. f4 Qb6 18. e5 c5 19. Qd3 Bc4 20. Qd2 Rab8 21.
Bxc4 bxc4 22. c3 d3 23. Ka1 f6 24. exf6 Rxf6 25. g3 Rf7 26. Rb1 Rfb7 27. Rhe1
Kh8 28. Re4 Qb5 29. Ree1 Qa4 30. Rec1 Re7 31. Re1 Rbe8 32. Rxe7 Rxe7 33. Nc1
Qc2 34. Qxc2 dxc2 35. Ka2 cxb1=Q+ 36. Kxb1 a4 37. Ka2 Re1 38. Kb1 Rh1 39. h4
Rg1 40. Kc2 Rg2+ 41. Kb1 Kg8 42. Ka1 Kf7 43. Kb1 Kf6 44. Ka2 Kf5 45. Ka1 Kg4
46. Kb1 Kxg3 47. Ka1 Kxh4 48. Ka2 Bxc3 49. Kb1 Bxb2 50. Na2 Bd4  0-1

[Event "LTU Wch 2021"]
[Site "Vilnius"]
[Date "2021.10.23"]
[Round "3"]
[Board "7"]
[White "Rauckyte, Kamile"]
[Black "Ratkeviciute, Laurinta"]
[Result "1-0"]
[WhiteElo "1398"]
[BlackElo "1184"]
[PlyCount "89"]
[EventDate "2021.10.22"]
[EventRounds "7"]
[EventCountry "LTU"]

1. d4 d5 2. Nf3 e6 3. Bf4 Nf6 4. e3 Bd6 5. Bg3 c5 6. c3 Nc6 7. Bxd6 Qxd6 8. Be2
O-O 9. O-O b6 10. Nbd2 Bb7 11. Rc1 Rac8 12. Re1 h6 13. Bd3 cxd4 14. exd4 Rfe8
15. Ne5 Nd7 16. Ndf3 Ndxe5 17. Nxe5 Nxe5 18. Rxe5 f6 19. Re3 e5 20. Bf5 Rcd8
21. Rg3 Bc8 22. Bg6 Re7 23. Qh5 exd4 24. cxd4 Qb4 25. Rgc3 Be6 26. h3 Bf7 27.
Bxf7+ Rxf7 28. Rc8 Rxc8 29. Rxc8+ Rf8 30. Qxd5+ Kh7 31. Rxf8 Qxf8 32. Qf5+ Kg8
33. d5 Qc5 34. g3 Kf8 35. Kg2 Ke7 36. Qe6+ Kd8 37. Qg8+ Kc7 38. Qxg7+ Kd6 39.
Qxf6+ Kxd5 40. Qf5+ Kd6 41. Qxc5+ Kxc5 42. f4 Kd5 43. Kf3 Ke6 44. Ke4 Kf6 45.
g4  1-0

[Event "LTU Wch 2021"]
[Site "Vilnius"]
[Date "2021.10.24"]
[Round "4"]
[Board "1"]
[White "Simkunaite, Gabija"]
[Black "Sibajeva, Marija"]
[Result "1-0"]
[WhiteElo "1948"]
[BlackElo "1939"]
[PlyCount "89"]
[EventDate "2021.10.22"]
[EventRounds "7"]
[EventCountry "LTU"]

1. e4 d6 2. d4 Nf6 3. Nc3 e5 4. Nf3 Nbd7 5. Bc4 Be7 6. O-O O-O 7. h3 c6 8. Bb3
exd4 9. Qxd4 b5 10. Qe3 a5 11. Nd4 Bb7 12. a4 b4 13. Nce2 g6 14. Ng3 c5 15.
Nde2 Nb6 16. c3 c4 17. Bc2 b3 18. Bb1 Nfd7 19. Rd1 Nc5 20. Nf4 Qc7 21. Nd5 Bxd5
22. exd5 f5 23. Qf3 Bf6 24. Ne2 Ncxa4 25. g4 fxg4 26. Qxg4 Qf7 27. Qg3 Qe7 28.
Qg4 Nc5 29. Be3 Qf7 30. Bxc5 dxc5 31. Bf5 Kh8 32. Be6 Qb7 33. Ng3 Be5 34. Ne4
Rf4 35. Qg2 Qe7 36. Ng5 Raf8 37. Rd2 a4 38. Re2 Bf6 39. Bg4 Qd6 40. Ne6 Nxd5
41. Nxf8 Nxc3 42. Re8 Kg7 43. Ne6+ Kf7 44. Rf8+ Ke7 45. Qb7+  1-0

[Event "LTU Wch 2021"]
[Site "Vilnius"]
[Date "2021.10.24"]
[Round "4"]
[Board "2"]
[White "Baliuniene, Margarita"]
[Black "Perminaite, Guoda"]
[Result "1/2-1/2"]
[WhiteElo "1924"]
[BlackElo "1727"]
[PlyCount "176"]
[EventDate "2021.10.22"]
[EventRounds "7"]
[EventCountry "LTU"]

1. Nf3 d5 2. d4 e6 3. g3 Nf6 4. Bg2 Be7 5. b3 O-O 6. O-O c5 7. Bb2 Nc6 8. e3 b6
9. c4 cxd4 10. exd4 Bb7 11. Nbd2 Rc8 12. Qe2 Rc7 13. Rfd1 Qc8 14. Rac1 Rd8 15.
Ne5 dxc4 16. Ndxc4 Nd5 17. a3 Ba6 18. Qf3 Bf6 19. Ng4 Bg5 20. Rb1 Nce7 21. h4
Bf6 22. Nxf6+ Nxf6 23. Ne3 Bb7 24. Qe2 Bxg2 25. Kxg2 Qb7+ 26. Kg1 Rdc8 27. a4
Qe4 28. Qd3 Qxd3 29. Rxd3 Nfd5 30. Nc4 Nf5 31. Kg2 Nb4 32. Rd2 Rd8 33. Rbd1 f6
34. Ba3 Nd5 35. h5 Nfe7 36. Re1 Rc6 37. f4 Kf7 38. Kf3 a6 39. Rd3 b5 40. Na5
Rc7 41. Bc5 Nc6 42. Nxc6 Rxc6 43. axb5 axb5 44. Ra1 Nc7 45. Ke2 Rd5 46. g4 g5
47. hxg6+ Kxg6 48. Rg1 e5 49. f5+ Kg7 50. Ke3 Na6 51. b4 exd4+ 52. Rxd4 Re5+
53. Kf4 Nxc5 54. bxc5 Rexc5 55. Rd7+ Kg8 56. Ra1 Rc7 57. Ra8+ Rc8 58. Raa7 Rc4+
59. Kg3 Rc3+ 60. Kh4 b4 61. Rg7+ Kh8 62. Rxh7+ Kg8 63. Rhg7+ Kh8 64. Kh5 R8c4
65. Rgb7 Rh3+ 66. Kg6 Rxg4+ 67. Kxf6 b3 68. Ra8+ Rg8 69. Rxg8+ Kxg8 70. Rb8+
Kh7 71. Kf7 Rc3 72. Rb7 b2 73. Rxb2 Rc7+ 74. Kf6 Rc6+ 75. Kg5 Rc7 76. Rb6 Ra7
77. Kf6 Kh6 78. Re6 Rb7 79. Rd6 Ra7 80. Ke6 Kg7 81. f6+ Kg6 82. Rc6 Rb7 83. Ra6
Rf7 84. Ke5 Rb7 85. Rd6 Rb5+ 86. Ke6 Rb7 87. Rd2 Rb6+ 88. Ke7 Rb7+  1/2-1/2